| 000 | 01930nam a2200613 i 4500 | ||
|---|---|---|---|
| 001 | 991049129769705066 | ||
| 003 | NyNyJPI | ||
| 005 | 20260408203003.0 | ||
| 008 | 160629s2015 pl |000 0cpol | ||
| 009 | b0000005246834 | ||
| 015 | _aUWD 2016/21263 | ||
| 020 | _a9788380790100 | ||
| 035 | _a991049129769705066 | ||
| 035 | _a(PL-WaBN)b52468343-48omnis_nlop | ||
| 035 | _ab52468343 | ||
| 035 | _a(OCoLC)932221278 | ||
| 035 | _a(PL)b0000005246834 | ||
| 035 | _a(EXLNZ-48OMNIS_NETWORK)9910519258105606 | ||
| 040 |
_aWA N _cWA N _dKOSZ W _dKR 295 _dKIEL W |
||
| 046 | _k2015 | ||
| 080 |
_81.1\x _a323.3-058.12(438) |
||
| 080 |
_81.2\x _a929-052(438)"17" |
||
| 080 |
_81.3\x _a929-052(438)"18" |
||
| 080 |
_81.4\x _a929-052(438)"19" |
||
| 080 |
_81.5 _a94(438) |
||
| 084 | _a10 | ||
| 100 | 1 |
_aPuchalska, Joanna _d(1960- ) _eAutor |
|
| 245 | 1 | 0 |
_aKresowi sarmaci / _cJoanna Puchalska. |
| 260 |
_aWarszawa : _bFronda PL, _ccopyright 2015. |
||
| 300 |
_a392 strony : _bilustracje ; _c24 cm. |
||
| 336 |
_aTekst _btxt _2rdacontent |
||
| 337 |
_aBez urządzenia pośredniczącego _bn _2rdamedia |
||
| 338 |
_aWolumin _bnc _2rdacarrier |
||
| 380 | _aKsiążki | ||
| 380 | _aLiteratura faktu, eseje, publicystyka | ||
| 388 | _a2001- | ||
| 504 | _aBibliografia na stronach 385-392. | ||
| 648 | 7 |
_a1701-1800 _2DBN |
|
| 648 | 7 |
_a1801-1900 _2DBN |
|
| 648 | 7 |
_a1901-2000 _2DBN |
|
| 648 | 7 |
_a2001- _2DBN |
|
| 650 | 7 |
_aSarmatyzm _2DBN |
|
| 650 | 7 |
_aSzlachta _2DBN |
|
| 650 | 0 |
_aNobility _zPoland _vBiography |
|
| 650 | 0 |
_aNobility _zFormer Polish Eastern Territories _vBiography. |
|
| 651 | 7 |
_aKresy wschodnie Rzeczypospolitej _2DBN |
|
| 651 | 7 |
_aPolska _2DBN |
|
| 651 | 0 |
_aFormer Polish Eastern Territories _xSocial life and customs. |
|
| 655 | 7 |
_aBiografia _2DBN |
|
| 658 | _aHistoria | ||
| 658 | _aSocjologia i społeczeństwo | ||
| 710 | 2 |
_aFronda PL (wydawnictwo) _eWydawca _4pbl |
|
| 942 |
_2z _cBK _n0 |
||
| 999 |
_c91084 _d91084 |
||